Women Gender and Equity:An Annotated Bibliography (Record no. 216697)
[ view plain ]
| 000 -LEADER | |
|---|---|
| fixed length control field | 00572nam a22001937a 4500 |
| 005 - DATE AND TIME OF LATEST TRANSACTION | |
| control field | 20211026114626.0 |
| 008 - FIXED-LENGTH DATA ELEMENTS--GENERAL INFORMATION | |
| fixed length control field | 211026b ||||| |||| 00| 0 eng d |
| 040 ## - CATALOGING SOURCE | |
| Transcribing agency | AL |
| 041 ## - LANGUAGE CODE | |
| Language code of text/sound track or separate title | eng |
| 082 ## - DEWEY DECIMAL CLASSIFICATION NUMBER | |
| Edition number | 23 |
| Classification number | 362.83 |
| Item number | NAYW |
| 100 ## - MAIN ENTRY--PERSONAL NAME | |
| Personal name | Ramesh C Nayak |
| 100 ## - MAIN ENTRY--PERSONAL NAME | |
| 9 (RLIN) | 1801 |
| 245 ## - TITLE STATEMENT | |
| Title | Women Gender and Equity:An Annotated Bibliography |
| 260 ## - PUBLICATION, DISTRIBUTION, ETC. | |
| Place of publication, distribution, etc. | New Delhi |
| Name of publisher, distributor, etc. | National Labour Institute |
| Date of publication, distribution, etc. | 1995 |
| 300 ## - PHYSICAL DESCRIPTION | |
| Extent | viii,141 p. |
| Other physical details | PB |
| Dimensions | 23x14 cm. |
| 650 ## - SUBJECT ADDED ENTRY--TOPICAL TERM | |
| Topical term or geographic name entry element | Women Gender and Equity |
| 9 (RLIN) | 1802 |
| 700 ## - ADDED ENTRY--PERSONAL NAME | |
| Personal name | NAYAK (Ramesh C) ed. |
| 9 (RLIN) | 1803 |
| 700 ## - ADDED ENTRY--PERSONAL NAME | |
| Personal name | JOSEPH (Cherian) ed. |
| 9 (RLIN) | 1804 |
| 942 ## - ADDED ENTRY ELEMENTS (KOHA) | |
| Source of classification or shelving scheme | Dewey Decimal Classification |
| Koha item type | George Fernandes Collections |
| Withdrawn status | Lost status | Source of classification or shelving scheme | Damaged status | Not for loan | Collection code | Home library | Current library | Date acquired | Total Checkouts | Full call number | Barcode | Date last seen | Koha item type |
|---|---|---|---|---|---|---|---|---|---|---|---|---|---|
| Dewey Decimal Classification | Social Work | St Aloysius Library | St Aloysius Library | 03/23/2013 | 362.83 NAYW | GF01218 | 10/26/2021 | George Fernandes Collections |